| 000 | 00386nam a2200157Ia 4500 | ||
|---|---|---|---|
| 008 | 230524s9999 xx 000 0 und d | ||
| 082 |
_a543.24 _bGOP |
||
| 100 | _aP.Gopalakrishnan | ||
| 245 | 0 | _aPurchasing and Materials Management | |
| 250 | _a29TH | ||
| 260 |
_aNEW DELHI _bTMH _c2010 |
||
| 300 | _aXXI;441 | ||
| 500 | _aQuantity Number: 12 | ||
| 650 | _aManagement | ||
| 942 | _cBK | ||
| 999 |
_c48537 _d48537 |
||